000 00349nam a2200145Ia 4500
008 151213s9999 xx 000 0 und d
100 _aU G C
245 _aOperation Manual for Academic Innovation Fund
_cU G C
260 _aDhaka
_bU G C
_c2010
300 _a7271 p.
650 _aGeneral
650 _aReference
700 _aU G C
999 _c3855
_d3855